Nano -and micro- electromechanical systems: fundamentals of nano- and microengineering
Uloženo v:
| Hlavní autor: | |
|---|---|
| Médium: | Kniha |
| Jazyk: | angličtina |
| Vydáno: |
Boca Ratón
CRC
2005
|
| Vydání: | 2a. ed |
| Edice: | Nano- and Microscience, Engineering, Technology, and Medicine Series
|
| Témata: | |
| Tagy: |
Přidat tag
Žádné tagy, Buďte první, kdo vytvoří štítek k tomuto záznamu!
|
MARC
| LEADER | 00000nam a2200000 a 4500 | ||
|---|---|---|---|
| 001 | UCJ9141 | ||
| 003 | CL-VaPUC | ||
| 008 | 070309e20050000US |||||||||||||||||eng|d | ||
| 020 | |a 0849328381 | ||
| 082 | 0 | 4 | |a 621.381 |b LYS |2 21 |
| 100 | |a Lyshevski, Sergey Edward |e autor |9 519023 | ||
| 245 | 1 | 0 | |a Nano -and micro- electromechanical systems: fundamentals of nano- and microengineering |
| 250 | |a 2a. ed | ||
| 300 | |a 722 p | ||
| 942 | |c BK | ||
| 945 | |d 20070309 00:00:00 |a cmena | ||
| 260 | |a Boca Ratón |b CRC |c 2005 | ||
| 650 | 7 | |a SISTEMAS ELECTROMECANICOS |2 CL-VaPUC |9 519024 | |
| 650 | 0 | |a Nanotecnología |9 519025 | |
| 650 | 0 | |a Producción industrial |9 307907 | |
| 650 | 0 | |a Simulación por computador |9 260988 | |
| 583 | |a last modification |c 20070309 00:00:00 |k Rodrigo Vera | ||
| 490 | 0 | |a Nano- and Microscience, Engineering, Technology, and Medicine Series | |
| 999 | |c 324732 |d 324730 | ||
| 952 | |0 0 |1 0 |4 0 |6 621_381000000000000_LYS_2005 |7 0 |8 A |9 405072 |a BIBING |b BIBING |d 2019-11-22 |i 4315146 |o 621.381 LYS 2005 |p 4315146 |r 2025-01-20 |w 2019-11-22 |y BK |k EIQ | ||